[Event "15th TCh-Eur Senior"]
[Site "Dresden GER"]
[Date "2013.07.27"]
[Round "8"]
[White "Hajenius,W"]
[Black "Fleuch,HJ"]
[Result "1/2-1/2"]
[WhiteElo "1923"]
[BlackElo "2064"]

1.d4 d5 2.c4 Nc6 3.cxd5 Qxd5 4.e3 e6 5.a3 Nf6 6.Nc3 Qd8 7.Nf3 Be7 8.Bd3 O-O
9.O-O Re8 10.b4 a6 11.Bb2 Bf8 12.Qc2 g6 13.Rfd1 Bg7 14.Rac1 Ne7 15.Ne2 c6
16.Qb1 b6 17.Qa1 Bb7 18.e4 Nd7 19.Ng3 Qb8 20.Rc2 Rc8 21.Bc4 a5 22.bxa5 Rxa5
23.Bc3 Ra8 24.Ng5 Nf8 25.e5 Nd5 26.N3e4 h6 27.Nf3 Nxc3 28.Qxc3 c5 29.Nd6 cxd4
30.Qxd4 Bxf3 31.gxf3 Rc5 32.f4  1/2-1/2

[Event "Politiken Cup 2013"]
[Site "Helsingor DEN"]
[Date "2013.07.27"]
[Round "1.50"]
[White "Stojanovski,Sa"]
[Black "Undheim,B"]
[Result "1-0"]
[WhiteElo "2270"]
[BlackElo "1838"]

1.d4 d5 2.c4 Nc6 3.Nc3 dxc4 4.d5 Ne5 5.f4 Ng6 6.e4 e6 7.Be3 exd5 8.Qxd5 Be7
9.Bxc4 Qxd5 10.Nxd5 Bd8 11.Nf3 Nf6 12.Nxf6+ Bxf6 13.e5 Be7 14.O-O O-O 15.Rac1 Bb4
16.Ng5 h6 17.Nxf7 Rxf7 18.Bxf7+ Kxf7 19.Rxc7+ Ne7 20.Bc5 Bxc5+ 21.Rxc5 Bd7
22.Rc7 Bc6 23.f5 Rc8 24.Rxc8 Nxc8 25.g4 Nb6 26.Kf2 Nc4 27.e6+ Kf6 28.b3 Ne5
29.Kg3 Be8 30.h4 Nc6 31.Kf4 g5+ 32.hxg5+ hxg5+ 33.Kg3 Ne5 34.Rd1 Nc6 35.Rh1 Kg7
36.Rg1 Kf6 37.Rd1 Kg7 38.a3 Kf6 39.b4 a6 40.Rd5 b5 41.Rd6 Ke7 42.Rd2 Kf6
43.Rh2 Kg7 44.Rh5 Bxh5 45.gxh5 Ne5 46.h6+ Kxh6 47.e7  1-0

[Event "65th ch-MNE 2013"]
[Site "Cetinje SRB"]
[Date "2013.07.28"]
[Round "9.11"]
[White "Misovic,S"]
[Black "Batricevic,J"]
[Result "1/2-1/2"]
[WhiteElo "1842"]
[BlackElo "2166"]

1.d4 d5 2.c4 Nc6 3.Nf3 Bg4 4.Nbd2 Nf6 5.e3 e6 6.Be2 Bd6 7.O-O dxc4 8.Nxc4 O-O
9.Nfe5 Bxe5 10.Bxg4 Nxg4 11.Qxg4 Bf6 12.b3 e5 13.Ba3 Re8 14.Nxe5 Nxe5 15.dxe5 Bxe5
16.Rad1 Qf6 17.Rd2 Red8 18.Rfd1 Rxd2 19.Rxd2 Rd8  1/2-1/2

[Event "Charleroi Open 2013"]
[Site "Charleroi BEL"]
[Date "2013.07.30"]
[Round "5.10"]
[White "Lacroix,B"]
[Black "Audin,T"]
[Result "1-0"]
[WhiteElo "2207"]
[BlackElo "1974"]

1.d4 d5 2.c4 Nc6 3.Nf3 Bg4 4.Nc3 e6 5.Bg5 f6 6.cxd5 exd5 7.Bf4 Bb4 8.e3 Nge7
9.Be2 Qd7 10.O-O Bxc3 11.bxc3 g5 12.Bg3 h5 13.h3 Be6 14.Nd2 g4 15.h4 Nf5
16.e4 Nxg3 17.fxg3 O-O 18.Qc2 Ne7 19.Rf2 Qd6 20.exd5 Qxd5 21.Raf1 Kg7 22.Ne4 Bf5
23.Bd3 Bxe4 24.Bxe4 Qd6 25.Kh2 c6 26.Qd2 Rae8 27.Bc2 b6 28.Qd3 f5 29.Qa6 Qd7
30.Qd3 Qd6 31.Re1 Qg6 32.Re5 Kh7 33.Qe2 Nd5 34.Bxf5 Rxf5 35.Rfxf5 Qxf5 36.Rxe8 Qf7
37.Qe4+  1-0

[Event "Politiken Cup 2013"]
[Site "Helsingor DEN"]
[Date "2013.07.30"]
[Round "5.59"]
[White "Andersen,Mo"]
[Black "Jensen,I"]
[Result "1-0"]
[WhiteElo "2166"]
[BlackElo "1977"]

1.d4 d5 2.c4 Nc6 3.Nc3 Nf6 4.Nf3 dxc4 5.e4 Bg4 6.Bxc4 e6 7.Bb5 Bb4 8.Qa4 O-O
9.Bxc6 Bxc3+ 10.bxc3 Bxf3 11.gxf3 bxc6 12.Qxc6 Rb8 13.Rg1 Nh5 14.Rg5 g6 15.Rg4 Rb6
16.Qc5 Ng7 17.Ba3 Re8 18.h4 Qb8 19.Kf1 f5 20.Rg1 Qb7 21.Re1 Qa6+ 22.c4 Reb8
23.d5 Qa4 24.Kg2 Qd7 25.Kh2 Qd8 26.Rg5 Qf6 27.e5 Qd8 28.d6 cxd6 29.exd6 h6
30.Rxg6 Qxh4+ 31.Kg2 Rb1 32.Qe5 R1b7 33.Bb2  1-0

[Event "Charleroi Open 2013"]
[Site "Charleroi BEL"]
[Date "2013.07.31"]
[Round "6.7"]
[White "Tomov,G"]
[Black "Bomans,A"]
[Result "1-0"]
[WhiteElo "2301"]
[BlackElo "2204"]

1.d4 d5 2.c4 Nc6 3.cxd5 Qxd5 4.e3 e5 5.Nc3 Bb4 6.Bd2 Bxc3 7.Bxc3 exd4 8.Ne2 Nf6
9.Nxd4 O-O 10.Be2 Nxd4 11.Qxd4 Qxd4 12.Bxd4 Nd5 13.O-O Be6 14.Rac1 b6 15.e4 Nf4
16.Ba6 Bc8 17.Bb5 a6 18.Bc4 b5 19.Be3 bxc4 20.Bxf4 Rb8 21.Rc2 Rb7 22.Rd1 Be6
23.f3 f6 24.Rd4 Kf7 25.Bd2 Rbb8 26.Ba5 Rfc8 27.Kf2 Ke7 28.g4 Rb5 29.Bc3 Rbb8
30.h4 Rd8 31.Ke3 Rxd4 32.Bxd4 Rd8 33.Rc3 Kf7 34.Ra3 c5 35.Bxc5 Rd3+ 36.Rxd3 cxd3
37.b3 Ke8 38.Kxd3 Kd7 39.Bf8 g6 40.g5 f5 41.Kd4 fxe4 42.fxe4 Bg4 43.Kc5 Bf3
44.Kb6 Be2 45.e5 Bd3 46.Bd6 Be2 47.a4 Bd1 48.Kxa6 Bxb3 49.Kb5 Bd1 50.a5 Be2+
51.Kb6 Bf3 52.a6 Bd5 53.Bb4 Kc8 54.Kc5 Bf3 55.e6 Be2 56.a7 Kb7 57.e7  1-0

[Event "Politiken Cup 2013"]
[Site "Helsingor DEN"]
[Date "2013.07.31"]
[Round "6.72"]
[White "Hinrichs,Jan"]
[Black "Helin,M"]
[Result "1-0"]
[WhiteElo "2072"]
[BlackElo "1910"]

1.d4 d5 2.c4 Nc6 3.Nc3 dxc4 4.Nf3 a6 5.d5 Na5 6.Qa4+ c6 7.b4 b5 8.Qxa5 Qxa5
9.bxa5 b4 10.Na4 cxd5 11.Nb6 Bb7 12.Nxa8 Bxa8 13.Rb1 e6 14.Bd2 Bc5 15.Bxb4 Ba7
16.Bc5 Bxc5 17.Rb8+ Ke7 18.Rxa8 e5 19.e3 d4 20.Nxe5 Nf6 21.Rxh8 Bb4+ 22.Kd1 Nd5
23.Bd3 Nc3+ 24.Kc2 cxd3+ 25.Kxd3 Kd6 26.Nc4+ Kc5 27.a3  1-0

[Event "Charleroi Open 2013"]
[Site "Charleroi BEL"]
[Date "2013.08.01"]
[Round "7.9"]
[White "Van Vlaenderen,K"]
[Black "Van Houtte,T"]
[Result "0-1"]
[WhiteElo "1950"]
[BlackElo "2174"]

1.d4 d5 2.c4 Nc6 3.Nf3 Bg4 4.cxd5 Bxf3 5.gxf3 Qxd5 6.e3 e5 7.Nc3 Bb4 8.Bd2 Bxc3
9.bxc3 Qd6 10.Rb1 O-O-O 11.Qb3 b6 12.Ba6+ Kb8 13.a4 Nh6 14.Qb5 Rhe8 15.O-O Nf5
16.f4 Nh4 17.Kh1 Qg6  0-1

[Event "Politiken Cup 2013"]
[Site "Helsingor DEN"]
[Date "2013.08.01"]
[Round "7.130"]
[White "Christiansen,Ni"]
[Black "Undheim,B"]
[Result "0-1"]
[WhiteElo "1669"]
[BlackElo "1838"]

1.d4 d5 2.c4 Nc6 3.e3 e5 4.dxe5 d4 5.exd4 Qxd4 6.Qxd4 Nxd4 7.Bd3 Be6 8.b3 O-O-O
9.Bb2 Bb4+ 10.Kf1 Nxb3 11.axb3 Rxd3 12.Nf3 Rd1+  0-1

[Event "Politiken Cup 2013"]
[Site "Helsingor DEN"]
[Date "2013.08.03"]
[Round "9.53"]
[White "Molvig,H"]
[Black "Jensen,I"]
[Result "1/2-1/2"]
[WhiteElo "2167"]
[BlackElo "1977"]

1.d4 d5 2.c4 Nc6 3.cxd5 Qxd5 4.e3 e5 5.Nc3 Bb4 6.Bd2 Bxc3 7.bxc3 Nf6 8.f3 e4
9.f4 O-O 10.c4 Qd6 11.Ne2 Re8 12.Qb3 Ng4 13.h3 Qh6 14.g3 Nf6 15.Bg2 a5 16.a3 Nd7
17.Qc2 f5 18.O-O Qg6 19.Kh2 Nf6 20.Bc3 Qh5 21.Kg1 Qg6 22.Rab1 Ne7 23.Rfd1 c6
24.Be1 Qf7 25.Rdc1 h6 26.Bd2 Ra7 27.a4 Be6 28.Rb3 Nc8 29.Bf1  1/2-1/2

[Event "9th Tabor Open 2013"]
[Site "Tabor CZE"]
[Date "2013.08.03"]
[Round "8.41"]
[White "Sedivy,Karel"]
[Black "Mosnicka,J"]
[Result "0-1"]
[WhiteElo "1851"]
[BlackElo "1891"]

1.d4 d5 2.c4 Nc6 3.e3 Nf6 4.cxd5 Nxd5 5.Nf3 e6 6.Bb5 Bb4+ 7.Bd2 Bxd2+ 8.Nbxd2 Bd7
9.O-O O-O 10.a3 Re8 11.Rc1 a6 12.Bd3 e5 13.dxe5 Nxe5 14.Nxe5 Rxe5 15.Nf3 Re8
16.Qc2 h6 17.Bc4 Nb6 18.Ba2 Rc8 19.Bb1 g6 20.Rfd1 Qf6 21.Qd2 Bg4 22.Qd4 Qxd4
23.Rxd4 Bxf3 24.gxf3 a5 25.b3 Red8 26.Rcd1 Rxd4 27.Rxd4 Kf8 28.f4 Ke7 29.Be4 c6
30.Bg2 Rd8 31.Rxd8 Kxd8 32.Kf1 a4 33.bxa4 Nxa4 34.Ke1 Nc3 35.Bf1 b5 36.Bd3 Kc7
37.Kd2 Na4 38.Bc2 Nb6 39.Bb3 f6 40.Kc3 c5 41.Bf7 g5 42.fxg5 hxg5 43.f4 Kd6
44.fxg5 fxg5 45.Kd3 Ke5 46.Be8 b4 47.a4 c4+ 48.Kc2 Kd5 49.a5 Nc8 50.Bd7 Na7
51.Be8 Kc5 52.Bf7 Kb5 53.a6 c3 54.Kd3 Kxa6 55.e4 Kb6 56.Bb3 Kc5 57.e5 Nc8
58.Ke4 Ne7 59.h3 Kc6 60.Ba4+ Kc5 61.Bb3 Nc6 62.e6 Kd6 63.Ba4 Na5 64.Kf5 Ke7
65.Bc2 b3  0-1

[Event "TCh-ESP CECLUB Div2"]
[Site "Ciudad Real ESP"]
[Date "2013.08.10"]
[Round "5.1"]
[White "Lopez Rodriguez,W"]
[Black "Milchev,N"]
[Result "0-1"]
[WhiteElo "2238"]
[BlackElo "2436"]

1.d4 d5 2.c4 Nc6 3.Nc3 dxc4 4.Nf3 a6 5.d5 Na5 6.Qa4+ c6 7.b4 cxb3 8.axb3 e6
9.Bd2 Nxb3 10.Qxb3 exd5 11.e3 Nf6 12.Be2 Bd6 13.O-O O-O 14.Rfc1 b5 15.Nb1 Bb7
16.Bb4 a5 17.Bxd6 Qxd6 18.Qc3  0-1

[Event "24th ch-NATO 2013"]
[Site "Rynia POL"]
[Date "2013.08.14"]
[Round "4.9"]
[White "Rosenkilde,A"]
[Black "Mottais,F"]
[Result "1-0"]
[WhiteElo "2262"]
[BlackElo "2055"]

1.d4 d5 2.c4 Nc6 3.Nc3 dxc4 4.Nf3 a6 5.d5 Nb8 6.e4 b5 7.Bg5 h6 8.Bh4 Nf6
9.e5 b4 10.Qa4+ Qd7 11.Qxb4 Nxd5 12.Qxc4 e6 13.Rc1 Bb4 14.Be2 a5 15.Qg4 O-O
16.Bf6 Nxf6 17.exf6 g6 18.Ne5 Qe8 19.Qh4 Qd8 20.Rd1 Bd6 21.Ng4 h5 22.Nh6+ Kh7
23.Bxh5 Nd7 24.Ne4 Nxf6 25.Bxg6+ Kxg6 26.Qg5+ Kh7 27.Nxf6+ Kh8 28.Nxf7+  1-0

[Event "TCh-POR Div1 Final 2013"]
[Site "Matosinhos POR"]
[Date "2013.08.19"]
[Round "3.3"]
[White "Kolosowski,M"]
[Black "Guerreiro,N"]
[Result "1-0"]
[WhiteElo "2425"]
[BlackElo "2153"]

1.d4 d5 2.c4 Nc6 3.Nc3 dxc4 4.Nf3 Nf6 5.Bg5 h6 6.Bh4 a6 7.e4 Bg4 8.d5 Ne5
9.Bg3 Bxf3 10.gxf3 Nd3+ 11.Bxd3 cxd3 12.Qxd3 e6 13.O-O-O exd5 14.e5 Nh5 15.Nxd5 c6
16.Nf6+ gxf6 17.Qf5 Ng7 18.Rxd8+ Rxd8 19.Qxf6 Rh7 20.Rd1 Ra8 21.Bh4 Ne6 22.Qf5 Rg7
23.Qd3 Bc5 24.Qd7+ Kf8 25.Qxb7 Re8 26.Bf6 Rg2 27.Rd7 Bxf2 28.Rxf7+ Kg8 29.Rh7 Be3+
30.Kd1 Rd8+ 31.Bxd8 Nxd8 32.Qc7 Bf4 33.Rd7  1-0

[Event "12th Lichtenberger Sommer"]
[Site "Berlin GER"]
[Date "2013.08.20"]
[Round "4.54"]
[White "Junge,Wolfgang"]
[Black "Kapr,K"]
[Result "1/2-1/2"]
[WhiteElo "1819"]
[BlackElo "2069"]

1.d4 d5 2.c4 Nc6 3.Nc3 e5 4.cxd5 Nxd4 5.e3 Nf5 6.Nf3 Bd6 7.Bb5+ Bd7 8.Bxd7+ Qxd7
9.O-O Nf6 10.e4 Ne7 11.Re1 a6 12.Bd2 O-O 13.Rc1 h6 14.h3 Nh7 15.Qc2 f5 16.exf5 Rxf5
17.Ne4  1/2-1/2

[Event "e2e4 Coventry Open"]
[Site "Coventry ENG"]
[Date "2013.08.24"]
[Round "2"]
[White "Walton,A"]
[Black "Wynarczyk,R"]
[Result "1-0"]
[WhiteElo "2155"]
[BlackElo "1961"]

1.d4 d5 2.c4 Nc6 3.Nc3 dxc4 4.e3 Nf6 5.Bxc4 a6 6.Nf3 b5 7.Bd3 Bg4 8.a4 b4
9.Ne4 Nd5 10.Qc2 Na5 11.Ne5 Bd7 12.Nc5 Bc8 13.Bxh7 b3 14.Qg6 Qd6 15.Nxf7 Qxg6
16.Bxg6 Rh4 17.Ne5+ Kd8 18.Bd2  1-0

[Event "6th Jessie Gilbert Open 2013"]
[Site "Coulsdon ENG"]
[Date "2013.08.25"]
[Round "11"]
[White "Lalic,B"]
[Black "Way,Julian M"]
[Result "1-0"]
[WhiteElo "2484"]
[BlackElo "1986"]

1.d4 d5 2.c4 Nc6 3.Nc3 Nf6 4.Nf3 e6 5.Bg5 Be7 6.e3 h6 7.Bh4 O-O 8.Rc1 dxc4
9.Bxc4 a6 10.O-O b5 11.Bd3 Bb7 12.Bxf6 Bxf6 13.Ne4 Be7 14.Nc5 Bxc5 15.Rxc5 Qd6
16.a3 Rfe8 17.Qc2 Ne7 18.Bh7+ Kf8 19.Be4 Bxe4 20.Qxe4 Kg8 21.Rfc1 Ra7 22.Ne5 Rd8
23.g3 f6 24.Nc6 Nxc6 25.Rxc6 Qd5 26.Qxe6+ Qxe6 27.Rxe6 Kf7 28.Rec6 Rd7 29.h4 Ke7
30.Kg2 Kd8 31.Kf3 Rd6 32.Kf4 Kd7 33.Rxd6+ cxd6 34.Kf5 a5 35.b3 b4 36.a4 Ke7
37.h5 Kf7 38.e4 Rb7 39.Rc6 Ke7 40.d5 Kd7 41.Kg6 Rb8 42.Kxg7 Re8 43.f3 Re5
44.g4  1-0

[Event "TCh-ESP CECLUB 5th-12th 2013"]
[Site "Linares ESP"]
[Date "2013.08.25"]
[Round "2.3"]
[White "Taboas Rodriguez,D"]
[Black "Rodriguez Fontecha,M"]
[Result "0-1"]
[WhiteElo "2412"]
[BlackElo "2317"]

1.d4 d5 2.c4 Nc6 3.cxd5 Qxd5 4.e3 e5 5.Nc3 Bb4 6.Bd2 Bxc3 7.bxc3 Nf6 8.f3 O-O
9.e4 Qd6 10.d5 Ne7 11.c4 Nd7 12.Ne2 Nc5 13.Nc3 Bd7 14.Be2 f5 15.O-O a6 16.Qc2 Ng6
17.g3 Rae8 18.Bd3 f4 19.Ne2 Bh3 20.Rf2 Rf6 21.Kh1 Qb6 22.Rb1 fxg3 23.hxg3 Nxd3
24.Rxb6 Nxf2+ 25.Kh2 cxb6 26.Ng1 Ref8 27.Bb4 Rxf3 28.Bxf8 Rxf8 29.Nxh3 Ng4+
30.Kh1 Rf1+ 31.Ng1 Rf2  0-1

[Event "ch-ESP Rapid 2013"]
[Site "Linares ESP"]
[Date "2013.08.26"]
[Round "5.8"]
[White "Arizmendi Martinez,J"]
[Black "Perez Mitjans,O"]
[Result "0-1"]
[WhiteElo "2577"]
[BlackElo "2475"]

1.d4 d5 2.c4 Nc6 3.Nf3 Bg4 4.cxd5 Bxf3 5.gxf3 Qxd5 6.e3 e5 7.Nc3 Bb4 8.Bd2 Bxc3
9.bxc3 Qd6 10.Be2 Nge7 11.O-O O-O 12.Rb1 b6 13.Kh1 Rad8 14.Qc2 Rfe8 15.Rg1 Qf6
16.Bc1 Ng6 17.Bb2 Qe6 18.a4 Na5 19.Rg4 c5 20.Rbg1 cxd4 21.cxd4 Rc8 22.Qd3 Red8
23.Bc3 Nb3 24.Bb2 exd4 25.Bxd4 Nxd4 26.Rxd4 Rxd4 27.Qxd4 h6 28.Bd3 Rc5 29.f4 Rd5
30.Qe4 Qxe4+ 31.Bxe4 Ra5 32.Bc2 Nh4 33.Rd1 g6 34.h3 Rc5 35.Rd2 Kg7 36.Re2 Rc4
37.Kh2 Nf5 38.Kg2 Nd6 39.Kf3 Nb7 40.Bb3 Rb4 41.Bd1 Nc5 42.Ra2 a5 43.Ke2 Ne4
44.Kd3 f5 45.f3 Nc5+ 46.Kc3 Rb1 47.Bc2 Rf1 48.Rb2 Rxf3 49.Kd4 Rf2 50.Kc3 Re2
51.Rxb6 Rxe3+ 52.Kd4 Re2 53.Kxc5 Rxc2+ 54.Kb5 Rf2 55.Kxa5 Rxf4 56.Rb3 g5
57.Kb5 g4 58.hxg4 fxg4 59.a5 h5 60.a6 Kg6 61.a7 Rf8 62.Ka6 Ra8 63.Rb8 Rxa7+
64.Kxa7 h4 65.Kb6 g3 66.Kc5 Kf5 67.Kd4 g2 68.Rg8 h3 69.Ke3 h2 70.Rxg2 h1=Q
71.Rc2 Qe4+ 72.Kd2 Qd4+ 73.Kc1 Ke4 74.Re2+ Kf3 75.Rd2 Qa1+ 76.Kc2 Ke3 77.Rd3+ Ke4
78.Rb3 Kd4 79.Rh3 Qa2+ 80.Kc1 Qc4+ 81.Kd2 Qb4+ 82.Kc2 Qc5+ 83.Kd1 Qf5 84.Rb3 Kc4
85.Re3 Kd4 86.Rb3 Qf2 87.Ra3 Kc4 88.Ra6 Kb3 89.Rd6 Qf1+  0-1

[Event "Dieppe Open 2013"]
[Site "Dieppe FRA"]
[Date "2013.08.29"]
[Round "7"]
[White "Haugli,P"]
[Black "Le Bris,Yann"]
[Result "1-0"]
[WhiteElo "2287"]
[BlackElo "1896"]

1.d4 d5 2.c4 Nc6 3.cxd5 Qxd5 4.e3 e5 5.Nc3 Bb4 6.Bd2 Bxc3 7.Bxc3 exd4 8.Ne2 Nf6
9.Nxd4 O-O 10.Nxc6 Qxc6 11.Rc1 Qb6 12.Bd3 h6 13.O-O Bg4 14.Qa4 Bd7 15.Qh4 Nd5
16.Qe4 Nf6 17.Bxf6 g6 18.Bd4  1-0

[Event "21st Honor to National Resistance"]
[Site "Nikaia GRE"]
[Date "2013.08.30"]
[Round "5.6"]
[White "Nemtsas,H"]
[Black "Karagiannis,A"]
[Result "1-0"]
[WhiteElo "1909"]
[BlackElo "2248"]

1.d4 d5 2.c4 Nc6 3.cxd5 Qxd5 4.e3 e5 5.Nc3 Bb4 6.Bd2 Bxc3 7.Bxc3 exd4 8.Ne2 Nf6
9.Nxd4 Bg4 10.f3 O-O-O 11.Qa4 Rhe8 12.O-O-O Bd7 13.Nxc6 Bxc6 14.Rxd5 Bxa4
15.Rxd8+ Rxd8 16.b3 Nd5 17.Bd4 Bc6 18.Bc4 f5 19.Re1 a5 20.Bxg7 Rg8 21.e4 fxe4
22.fxe4 Rxg7 23.exd5 Bd7 24.g3 b5 25.Bd3 Kb7 26.Re5 Kb6 27.Rh5 Bg4 28.Rxh7 Rg5
29.Rh4 Kc5 30.Be4 Bf5 31.Bf3 Bg6 32.Rf4 b4 33.g4 Re5 34.Rc4+ Kb5 35.Kd2 Bb1
36.Be2 Kb6 37.Rc6+ Kb7 38.Re6 Rg5 39.h4 Rg8 40.Kc1 Bh7 41.Re7  1-0

[Event "Petersburg Summer Rapid 2013"]
[Site "St Petersburg RUS"]
[Date "2013.09.01"]
[Round "8.7"]
[White "Aleksandrov,A"]
[Black "Moiseenko,Va"]
[Result "1/2-1/2"]
[WhiteElo "2626"]
[BlackElo "2465"]

1.d4 d5 2.c4 Nc6 3.e3 e5 4.dxe5 d4 5.a3 Bf5 6.Nf3 dxe3 7.Qxd8+ Rxd8 8.Bxe3 Nge7
9.Nc3 Ng6 10.Nb5 Rd7 11.Nfd4 Nxd4 12.Nxd4 Bg4 13.h3 Bc5 14.e6 fxe6 15.Nc2 Bxe3
16.Nxe3 Bf5 17.Rd1 Ne5 18.Rxd7 Nxd7 19.f3 Ke7 20.Kd2 Rd8 21.Kc3 Nc5 22.Be2 Na4+
23.Kb3 Nc5+ 24.Kc3 Na4+ 25.Kb3 Nc5+  1/2-1/2

[Event "15th Trieste Open"]
[Site "Trieste ITA"]
[Date "2013.09.05"]
[Round "7"]
[White "Dvirnyy,D"]
[Black "Valsecchi,A"]
[Result "1/2-1/2"]
[WhiteElo "2549"]
[BlackElo "2412"]

1.d4 d5 2.c4 Nc6 3.Nc3 dxc4 4.d5 Ne5 5.Bf4 Ng6 6.Bg3 e5 7.e4 a6 8.Bxc4 Nf6
9.Nf3 Bd6 10.Be2 O-O 11.O-O Nh5 12.Bxe5 Nxe5 13.Nxe5 Bxe5 14.Bxh5 Qd6 15.g3 f5
16.exf5 Bxf5 17.Bf3 Bxc3 18.bxc3 Bh3 19.Re1 Qf6 20.Re3 Bg4 21.Kg2 Rad8 22.c4 c6
23.Rb1 Bxf3+ 24.Rxf3 Qxf3+ 25.Qxf3 Rxf3 26.Kxf3 cxd5 27.c5 Rc8 28.Rc1 Rf8+
29.Ke3 d4+ 30.Kxd4 Rxf2 31.Rb1 Rd2+ 32.Ke5 Rd7 33.Ke6 Rc7 34.Kd6 Rc6+ 35.Kd5 Rc7
36.Kd6 Rc6+ 37.Kd5 Rc7 38.Rb6 Kf7 39.Kd6 Re7 40.g4 Ke8 41.g5 Rd7+ 42.Ke6 Re7+
43.Kd5 Rd7+ 44.Ke5 Rc7 45.Kd6 Rd7+ 46.Ke5 Rc7 47.Kd5 Rd7+ 48.Kc4 Rf7 49.h4 Rd7
50.h5 Rf7 51.Kd4 Rf5 52.Rxb7 Rxg5 53.Ra7 Rxh5 54.Rxg7 Kd8 55.Ra7 Rh6 56.Kd5 Kc8
57.a4 Rh5+ 58.Kc4 Rh4+ 59.Kb3 a5 60.Rxa5 Kb7 61.Rb5+ Kc6 62.Rb8  1/2-1/2

[Event "Chepukaitis Mem Blitz Prelim 2013"]
[Site "St Petersburg RUS"]
[Date "2013.09.07"]
[Round "6.4"]
[White "Lovkov,R"]
[Black "Moiseenko,Va"]
[Result "1-0"]
[WhiteElo "2461"]
[BlackElo "2465"]

1.d4 d5 2.c4 Nc6 3.Nf3 Bg4 4.cxd5 Bxf3 5.gxf3 Qxd5 6.e3 e5 7.Nc3 Bb4 8.Bd2 Bxc3
9.bxc3 Nge7 10.Be2 Qd6 11.Rb1 b6 12.Qc2 O-O 13.h4 f5 14.h5 Rf6 15.Rh4 Raf8
16.f4 exf4 17.Rxf4 Nd5 18.Rh4 f4 19.e4 f3 20.Bc4 Ne7 21.Kd1 Kh8 22.e5 Qc6
23.Bxd5 Nxd5 24.exf6 Qxf6 25.Qe4 Qd8 26.Rh3 c5 27.Rxf3 Re8 28.Qd3 cxd4 29.Qxd4 Qd7
30.h6 Re7 31.Rf8+  1-0

[Event "TCh-SUI 2013"]
[Site "Switzerland SUI"]
[Date "2013.09.08"]
[Round "7.7"]
[White "Huss,A"]
[Black "Kuemin,S"]
[Result "1-0"]
[WhiteElo "2346"]
[BlackElo "2385"]

1.d4 d5 2.c4 Nc6 3.Nc3 dxc4 4.d5 Ne5 5.Nf3 Ng6 6.e4 e5 7.Bxc4 a6 8.a4 Bd6
9.O-O Nf6 10.a5 O-O 11.Re1 Bg4 12.Be2 Bd7 13.Nd2 Nf4 14.Nc4 Nxe2+ 15.Qxe2 Bg4
16.f3 Bd7 17.Be3 Qe7 18.Kh1 h6 19.Qf2 Rfc8 20.Na4 Bxa4 21.Rxa4 Nd7 22.Rc1 c6
23.Nxd6 Qxd6 24.Rac4 Qf6 25.Qc2 Nb8 26.Qb3 Rc7 27.Rb4 Qe7 28.Bb6 Rd7 29.Bc5 Qg5
30.Be3 Qe7 31.h3 Kh7 32.Bc5 Qg5 33.Be3 Qe7 34.d6 Rxd6 35.Rxb7 Nd7 36.Rd1 Rxd1+
37.Qxd1 Rd8 38.Qe2 Qe6 39.Qxa6 Nf6 40.Qe2 Nh5 41.Kh2 Qa2 42.a6 Qa1 43.a7 Rd1
44.g3 Rh1+ 45.Kg2 Rxh3 46.Kxh3 Qh1+ 47.Qh2 Qxf3 48.Rxf7 Nf4+ 49.Rxf4 exf4
50.Qf2  1-0

[Event "FSIM Sept 2013"]
[Site "Budapest HUN"]
[Date "2013.09.13"]
[Round "7.3"]
[White "Dokuchaev,A"]
[Black "Lyell,M"]
[Result "0-1"]
[WhiteElo "2239"]
[BlackElo "2220"]

1.d4 d5 2.c4 Nc6 3.Nc3 Nf6 4.cxd5 Nxd5 5.e4 Nxc3 6.bxc3 e5 7.d5 Nb8 8.f4 Bc5
9.Nf3 exf4 10.Qa4+ Nd7 11.Bxf4 O-O 12.Bd3 Qf6 13.e5 Re8 14.Kd2 Qb6 15.Qe4 Nf6
16.Qc4 Nxd5 17.Bg5 Be7 18.h4 Be6 19.Qe4 g6 20.g4 c5 21.Kc2 Bxg5 22.Nxg5 Qa5
23.Qe1 Rac8 24.h5 Qa4+ 25.Kb2 Rc6 26.Bc2 Rb6+ 27.Bb3 Nf4 28.Qd1 c4 29.hxg6 cxb3
30.gxf7+ Bxf7 31.a3 Bg6 32.Rh6 Qe4 33.Rxg6+ Rxg6 34.Qd7 Qc2+  0-1

[Event "1st League Cent-SRB 2013"]
[Site "Kragujevac SRB"]
[Date "2013.09.15"]
[Round "3.4"]
[White "Ratkovic,Miloj"]
[Black "Stankovic,De"]
[Result "0-1"]
[WhiteElo "2261"]
[BlackElo "2262"]

1.d4 d5 2.c4 Nc6 3.Nf3 e5 4.dxe5 Bb4+ 5.Bd2 dxc4 6.Bxb4 Qxd1+ 7.Kxd1 Nxb4
8.a3 Nc6 9.Nbd2 Be6 10.e3 O-O-O 11.Kc1 Na5 12.Be2 Ne7 13.Ng5 Rd5 14.e4 Rxe5
15.Nxe6 fxe6 16.Kc2 Nec6 17.Kc3 Rd8 18.Rad1 b5 19.f4 Rc5 20.Nf3 h6 21.Rxd8+ Kxd8
22.Rd1+ Ke7 23.g4 Nb3 24.f5 a5 25.fxe6 Kxe6 26.h4 b4+ 27.Kc2 a4 28.axb4 Nxb4+
29.Kc3 Na2+ 30.Kc2 c3 31.Nd4+ Ke5 32.Nf3+ Kxe4 33.bxc3 Nxc3 34.Nd2+ Nxd2
35.Bd3+ Ke3 36.Re1+ Ne2+  0-1

[Event "TCh-CRO w Liga 2013"]
[Site "Bol CRO"]
[Date "2013.09.16"]
[Round "3.1"]
[White "Medic,Mir"]
[Black "Jelica,M"]
[Result "1-0"]
[WhiteElo "2227"]
[BlackElo "2231"]

1.d4 d5 2.c4 Nc6 3.e3 e5 4.dxe5 d4 5.a3 Bf5 6.Nf3 d3 7.Nc3 Nge7 8.e4 Bg4
9.Qxd3 Ng6 10.Qxd8+ Rxd8 11.Be3 Bxf3 12.gxf3 Ncxe5 13.Be2 Nh4 14.f4 Nef3+
15.Bxf3 Nxf3+ 16.Ke2 Nd4+ 17.Bxd4 Rxd4 18.b3 c6 19.Rhd1 Rxd1 20.Nxd1 g6 21.Ne3 Bc5
22.b4 Bxe3 23.fxe3 Ke7 24.Rd1 Ra8 25.Rb1 Rd8 26.c5 Rd7 27.h4 h5 28.Rb3 Rd8
29.Rb1 Ra8 30.a4 Rc8 31.a5 a6 32.Rg1 Kf6 33.Rd1 Ke7 34.e5 Rf8 35.Rd6 Rg8
36.Kf3 Rg7 37.e4 Rg8 38.Ke3 Rc8 39.Kd4 Rg8 40.e6 Rb8 41.exf7 Kxf7 42.e5 Re8
43.Ke4 Re7 44.f5 gxf5+ 45.Kxf5 Kf8 46.e6  1-0

[Event "TCh-CRO Ia Liga 2013"]
[Site "Bol CRO"]
[Date "2013.09.16"]
[Round "3.2"]
[White "Medak,B"]
[Black "Fercec,N"]
[Result "1/2-1/2"]
[WhiteElo "2397"]
[BlackElo "2484"]

1.d4 d5 2.c4 Nc6 3.cxd5 Qxd5 4.e3 e5 5.Nc3 Bb4 6.a3 Bxc3+ 7.bxc3 Nf6 8.c4 Qd6
9.d5 Ne7 10.a4 Qb4+ 11.Qd2 Qxd2+ 12.Bxd2 c6 13.Bc3 Nd7 14.e4 a5 15.Nf3 f6
16.Nd2 Nc5 17.Be2 Bd7 18.Bd1 Nc8 19.O-O cxd5 20.cxd5 Nb6 21.Nb3 Nxe4 22.Bxa5 Nc4
23.Bb4 Rxa4 24.Rxa4 Bxa4 25.Nd2 Bxd1 26.Nxe4 Bg4 27.Rc1 b5 28.Nc3 Bd7 29.Ra1 Kf7
30.Ra7 Rd8 31.Ne4 Kg6 32.Be7 Rc8 33.f3 Nb6 34.Rb7 Rc1+ 35.Kf2 Rc2+ 36.Kg1 Rc1+
37.Kf2 Rc2+ 38.Kg1 Rc1+  1/2-1/2

[Event "Slama Mem Schev 2013"]
[Site "Monastir TUN"]
[Date "2013.09.20"]
[Round "6.5"]
[White "Payen,Ar"]
[Black "Miladinovic,I"]
[Result "0-1"]
[WhiteElo "2318"]
[BlackElo "2572"]

1.d4 d5 2.c4 Nc6 3.Nf3 Bg4 4.Nc3 e6 5.cxd5 exd5 6.Bf4 a6 7.e3 Nf6 8.Be2 h6
9.h3 Be6 10.Rc1 Bd6 11.Ne5 Bxe5 12.dxe5 Nd7 13.Nxd5 O-O 14.O-O Ndxe5 15.Bxe5 Qxd5
16.Qxd5 Bxd5 17.Bxc7 Rac8 18.Bb6 Bxa2 19.Bf3 Be6 20.Rfd1 Rfe8 21.Rc3 g5 22.Rdc1 Bd7
23.Bd5 Kg7 24.Rd1 f6 25.Bf3 Ne5 26.Bh5 Rxc3 27.bxc3 Re6 28.Bd4 Ba4 29.Ra1 b5
30.Bf3 Nxf3+ 31.gxf3 Kg6 32.Kg2 Bb3 33.Kg3 Bd5 34.f4 Bb7 35.fxg5 fxg5 36.h4 gxh4+
37.Kxh4 Kf5 38.Rg1 a5 39.Rg7 Bc6 40.Ra7 a4 41.Bc5 Ke4 42.f4 Bd5 43.Kg4 Rg6+
44.Kh5 Rc6 45.Bd4 Kf5 46.Ra5 Bf3+ 47.Kh4 Be2 48.Ra8 Bc4 49.Ra7 Rg6 50.Kh5 Be2+
51.Kh4 Rg4+ 52.Kh3 Bf1+ 53.Kh2 Ke4 54.f5 Kf3 55.Be5 Rg5  0-1

[Event "TCh-CRO 2a Liga 2013"]
[Site "Bol CRO"]
[Date "2013.09.21"]
[Round "8.2"]
[White "Bozinovic,Bog"]
[Black "Rubil,M"]
[Result "1-0"]
[WhiteElo "2182"]
[BlackElo "2221"]

1.d4 d5 2.c4 Nc6 3.cxd5 Qxd5 4.e3 e5 5.Nc3 Bb4 6.Bd2 Bxc3 7.Bxc3 exd4 8.Ne2 Bg4
9.f3 Bxf3 10.gxf3 Qxf3 11.Nxd4 Qxh1 12.Nxc6 Nf6 13.Ne5 Rd8 14.Qa4+ c6 15.Ng4 Nh5
16.Nf2 Qxh2 17.Qe4+ Kf8 18.Be5 Qg1 19.Qh4 Rd5 20.Qxh5 f6 21.Qh2 Qg5 22.Bf4 Qg6
23.e4 Rd8 24.Be3 Qf7 25.Bxa7 h5 26.Bb6 Re8 27.b3 g5 28.Qd6+ Kg7 29.Bc4 Qe7
30.Qd3 Qb4+ 31.Ke2 Qxb6 32.Qd7+ Kg6 33.Qf7+  1-0

[Event "XXI Vallfogona Rapid Open"]
[Site "Vallfogona de Balaguer ESP"]
[Date "2013.09.21"]
[Round "4.5"]
[White "Esplugas Esteve,V1"]
[Black "Mellado Trivino,J"]
[Result "0-1"]
[WhiteElo "2231"]
[BlackElo "2443"]

1.d4 d5 2.c4 Nc6 3.Nc3 dxc4 4.d5 Ne5 5.Bf4 Ng6 6.Bg3 e5 7.e4 Nf6 8.Bxc4 Bd6
9.Nf3 a6 10.h4 Nh5 11.Qd2 O-O 12.Qg5 Qxg5 13.Nxg5 h6 14.Nf3 f5 15.Bd3 Nxg3
16.fxg3 f4 17.h5 Ne7 18.gxf4 Rxf4 19.Rh4 Rg4 20.Kf2 Bc5+ 21.Kf1 Rxh4 22.Nxh4 Bg4
23.Nf3 Rf8 24.Ke1 Bd6 25.Be2 Bxh5 26.Nh4 Bxe2 27.Kxe2 g5 28.Nf3 g4 29.Nd2 Ng6
30.g3 Kg7 31.Nd1 h5 32.Ne3 Ne7 33.Ndc4 Rf3 34.Nxd6 cxd6 35.Rc1 Rxg3 36.Rc7 Kf8
37.Rxe7 Rxe3+  0-1

[Event "Tatry Open 2013"]
[Site "Tatranske Zruby SVK"]
[Date "2013.09.29"]
[Round "1.11"]
[White "Bednar,Jan"]
[Black "Vojta,T"]
[Result "0-1"]
[WhiteElo "2185"]
[BlackElo "2345"]

1.d4 d5 2.c4 Nc6 3.cxd5 Qxd5 4.Nf3 e5 5.dxe5 Qxd1+ 6.Kxd1 Bg4 7.Bf4 Nge7
8.Nbd2 Ng6 9.Bg3 O-O-O 10.Kc1 Bb4 11.h3 Bh5 12.e3 Rd5 13.Bc4 Bxf3 14.Nb3 Bxg2
15.Rg1 Ngxe5 16.Bxd5 Bxd5 17.Bxe5 Nxe5 18.Nd4 Be4 19.Rxg7 Bg6 20.f4 Nd3+
21.Kc2 Nxf4+ 22.Kb3 Bf8  0-1